BIBLIOTHÈQUE DE LA MAISON DU MEXIQUE

Logo 1 Logo 2

Catolicismo y sociedad (notice nᵒ 2241)

détails MARC
000 -Sello discográfico
campo de control de longitud fija 01146nam a2200337 4500
005 - Identificación de versión
campo de control 20251016083242.0
010 ## - Número Estándar Internacional de Libros (ISBN)
Número (ISBN) 978-607-401-696-3
099 ## - fechas locales
Tipo de ítem Koha LIBRO
100 ## - Datos de procesamiento general
Datos de procesamiento general 19971204d2013 m y1spay5003 ba
105 ## - Campo de datos codificados: Material textual, monográfico
Datos codificados de monografía a 001zy
200 1# - Título y mención de responsabilidad
Título propio Catolicismo y sociedad
Designación general del material texto impreso
Otra información del título nueve miradas : siglos XVII-XXI
Primer mención de responsabilidad coordinación David Carbajal López
Declaración de responsabilidad subsiguiente presentación Roberto Castelán Rueda
205 ## - Declaración de edición
Declaración de edición 1a ed
210 ## - Publicación, distribución, etc.
Lugar de publicación, distribución, etc. México
Nombre del editor, distribuidor, etc. Universidad de Guadalajara : Miguel Angel Porrúa
Fecha de publicación, distribución, etc. 2013
215 ## - Descripción física
Designación de material específico y extensión del ítem 289 p
Otras características físicas il.
Dimensiones 23 cm
300 ## - Notas generales
Texto de la nota Incluye referencias bibliográficas
345 ## - Nota de información de adquisición
Fuente de adquisición/dirección de la suscripción [OBSOLETO] Donación
410 #1 - Series
Título Serie La Historia
606 ## - Término temático usado como materia
Elemento de entrada Catolicismo
Subdivisión geográfica México
Número Koha 250
606 ## - Término temático usado como materia
Elemento de entrada Iglesia católica en Jalisco
Subdivisión temática Historia
Número Koha 5290
606 ## - Término temático usado como materia
Elemento de entrada Santos cristianos
Subdivisión geográfica México
Subdivisión temática Historiografía
Número Koha 5291
660 ## - Código de área geográfica
Código MX
702 ## - Nombre personal - Responsabilidad secundaria
Elemento de entrada Carbajal López
Parte del nombre distinta del elemento de entrada David
Número Koha 5292
702 ## - Nombre personal - Responsabilidad secundaria
Elemento de entrada Castelán Rueda
Parte del nombre distinta del elemento de entrada Roberto
Fechas 1957-
Número Koha 5293
801 #0 - Fuente de origen
Agencia cm
900 ## -
-- 1/14978
900 ## -
-- 710976562\\041297
942 ## - ELEMENTOS DE ENTRADA SECUNDARIOS (KOHA)
Tipo de ítem Koha Livre
996 ## -
-- MEX
-- 751145101
-- MMAG
-- 005345
-- 282.72 C336
-- 20211004LIV
Exemplaires
Estatus retirado Estado de daño Estado de pérdida Fecha de adquisición Biblioteca de origen Biblioteca actual Ubicación en estantería Código de barras Precio de reemplazo Signatura topográfica completa No para préstamo Tipo de ítem Koha Nota pública Nota no pública
      05/08/2025 Casa México Paris Casa México Paris   005345 05/08/2025 282.72 C336   Livre 20211004LIV 751145101